| 000 | 01546nam a22003137a 4500 | ||
|---|---|---|---|
| 003 | OSt | ||
| 005 | 20210309081629.0 | ||
| 008 | 210305r2009 ck ad||fr|||| 00| 0 spa d | ||
| 020 | _a9789584461735 | ||
| 040 |
_aCO-JMCR _cCO-JMCR |
||
| 041 | 0 | _aspa | |
| 082 | 0 | 4 |
_a338.9861 / _bJ371d _223 |
| 100 | 1 |
_aJaramillo, Fidel, _eeditor _914478 |
|
| 245 | 1 | 0 |
_aDesafíos del crecimiento en Colombia : _b¿políticas deficientes o insuficientes? / _cFidel Jaramillo, editor ; Jerónimo Carballo, Arturo Harker, Marcela Meléndez [y otros 2] |
| 250 | _aPrimera edición | ||
| 260 |
_aBogotá : _bBID : Fedesarrollo, _c2009 |
||
| 300 |
_a265 páginas : _bilustraciones y gráficos a color ; _c24 cm. |
||
| 500 | _aIncluye notas a pie de página. | ||
| 504 | _aBibliografía al final de cada capítulo. | ||
| 505 | 0 | _aCrecimiento, inversión y Políticas de Desarrollo productivo en América Latina y Colombia -- Revisando de nuevo el crecimiento económico en Colombia - Una perspectiva Microeconómica -- La política industrial en Colombia -- La promoción de exportaciones en Colombia: ¿cuáles son sus efectos sobre el desempeño exportador de las firmas? | |
| 650 | 1 | 4 |
_aCrecimiento económico _zColombia _97354 |
| 650 | 2 | 4 |
_aCrecimiento económico _zAmérica Latina _914479 |
| 650 | 2 | 4 |
_aPolítica industrial _zColombia _914480 |
| 650 | 2 | 4 |
_aPequeña y mediana empresa _914481 |
| 700 | 1 |
_aCarballo, Jerónimo, _eautor _914482 |
|
| 700 | 1 |
_aHarker, Arturo, _eautor _914483 |
|
| 700 | 1 |
_aMeléndez, Marcela, _eautora _914484 |
|
| 942 |
_2ddc _cBK |
||
| 999 |
_c7473 _d7473 |
||